=LDR 00000nam 2200000 4500 =001 INLIS000000000029161 =005 20150504102555.0 =006 =007 =008 Ind =035 ##$$0010-061300000029161 =041 ##$$a Ind =082 ##$$a 2x3 =090 ##$$a 2x3, Ata m =100 ##$$a Ataillah, Syekh Ahmad =245 ##$$a Mutu manikam dari kitab Al Hukam, Syekh Ahmad Ataillah ; penyunting, Abu Hakim, Karwiyono =260 ##$$a 1995 $b Surabaya =300 ##$$a 556 hlm, 22 cm =650 ##$$a Aqidah =700 ##$$a Hakim, Abu =850 ##$$a NBPNMAT